000 00567nam a2200181Ia 4500
008 090124s9999 xx 000 0 und d
082 _b33768
100 _aमुसळे गोविंद
245 _a दस्तूरखुद्द
250 _a1
260 _bमॅजेस्टिक प्रकाशन
_c1995
300 _a238
600 _aमुसळे गोविंद
630 _a दस्तूरखुद्द
700 _aमुसळे गोविंद
730 _a दस्तूरखुद्द
942 _cBOOK
999 _c99658
_d99658